00357nam a2200133Ia 4500008004100000041000800041082001400049100001500063245006300078250001400141260002900155300003200184365000700216240624s9999 xx 000 0 und d aeng a332.1 UMA aUMARJI M R aLAW AND PRACTICE RELATING TO SECURITISATION AND RECONSTRUC a(3rd ed.) c2004aNew DelhibTaxmann ai-40, : 645 : p. : cm. ; 25 cRS